000
00295nam a22001337a 4500
008
181105b xxu||||| |||| 00| 0 eng d
020
_a
30815175310
041
_a
eng
080
_2
3rd
_a
616.5
100
_a
7
101
_a
DER
245
_a
The Nails in Disease
_c
Samman, P.D
942
_2
udc
_c
BK
999
_c
51872
_d
51872